Top 50 Most Subscribed YouTube Channels - Statistics

General Stats
  • This quiz has been taken 109 times
    52 since last reset
  • The average score is 6 of 50
Answer Stats
Number
(millions)
Answer % Correct
478 MrBeast
96%
110 PewDiePie
73%
311 T-Series
69%
81.9 T-Series Bhakti Sagar
69%
201 Cocomelon--Nursery Rhymes
52%
75.9 Mark Rober
21%
113 WWE
17%
189 SET India
15%
139 Stokes Twins
15%
78.6 UR · Cristiano
15%
80.7 5-Minute Crafts
13%
101 BLACKPINK
13%
77.7 Justin Bieber
13%
84.4 Baby Shark- Pinkfong Kids' Songs & Stories
10%
138 Kids Diana Show
10%
132 Like Nastya
10%
70.7 Sony Music India
8%
98.1 ChuChu TV Nursery Rhymes & Kids Songs
6%
131 김프로KIMPRO
6%
87.5 Topper Guild
6%
149 Vlad and Niki
6%
92.6 A4
4%
75 Aaj Tak
4%
100 Alan's Universe
4%
113 Alejo Igoa
4%
83.8 BANGTANTV
4%
82 Colors TV
4%
109 Goldmines
4%
80.9 HYBE LABELS
4%
74 ISSEI / いっせい
4%
83.4 KL Bro Biju Rithvik
4%
74.4 Shemaroo Filmi Gaane
4%
105 Sony SAB
4%
81.2 Tips Official
4%
82.4 Toys and Colors
4%
197 YouTube Movies
4%
71.7 YRF
4%
82.9 ZAMZAM BROTHERS OFFICIAL
4%
122 Zee Music Company
4%
97.6 Zee TV
4%
70.6 Anaya Kandhal
2%
72.8 Bispo Bruno Leonardo
2%
71.1 El Reino Infantil
2%
73.4 Fede Vigevani
2%
92 Gaming
2%
72.4 HAR PAL GEO
2%
72.2 Infobells--Hindi
2%
126 Music
2%
70.3 Zhong
2%
74.4 Sports
0%
No matching quizzes found
Score Distribution
Percent of People with Each Score
Percentile by Number Answered
Your Score History
You have not taken this quiz since the last reset